000 00294nam a2200109 a 4500
005 20201002060826.0
008 181005s2016 000 spa d
020 _a9789945599817
245 0 _aInformática interactiva 6 : libro del maestro.
260 _aSanto Domingo,
_c2016.
999 _c47439
_d47439
040 _aDO-SdBNP